|
|
|
|
| LEADER |
00000cam a2200000 7i4500 |
| 001 |
0000002921 |
| 005 |
20240926.0 |
| 008 |
991201 ilu a eng |
| 020 |
|
|
|a 0884628132
|
| 040 |
|
|
|a INS
|b eng
|e rda
|
| 090 |
0 |
0 |
|a HF5716.R4
|b V46 1989
|
| 100 |
1 |
|
|a Ventolo, William L. ,
|e author
|
| 245 |
1 |
0 |
|a Mastering real estate mathematics
|c William L. Ventolo, Jr., Wellington J. Allaway, G. E. Irby
|
| 250 |
|
|
|a Fifth Edition
|
| 264 |
|
1 |
|a Chicago :
|b Real Estate Education Company
|c 1989
|
| 300 |
|
|
|a 377 pages :
|b illustrations ;
|c 28 cm.
|
| 336 |
|
|
|a text
|2 rdacontent
|
| 337 |
|
|
|a unmediated
|2 rdamedia
|
| 338 |
|
|
|a volume
|2 rdacarrier
|
| 650 |
|
0 |
|a Business mathematics
|x Real estate business
|x Programmed instruction
|
| 700 |
1 |
|
|a Allaway, Wellington J. ,
|e author
|
| 700 |
1 |
|
|a Irby, G. E. ,
|e author
|
| 999 |
|
|
|a 0000004147
|b BOOK
|c Open Shelf
|e Default branch
|